The Allyn & Bacon guide to writing / (Record no. 8480)

MARC details
000 -LEADER
fixed length control field 01780cam a2200481 a 4500
001 - CONTROL NUMBER
control field 15039022
003 - CONTROL NUMBER IDENTIFIER
control field mut
005 - DATE AND TIME OF LATEST TRANSACTION
control field 20240606081057.0
008 - FIXED-LENGTH DATA ELEMENTS--GENERAL INFORMATION
fixed length control field 071010s2009 nyua 001 0 eng
010 ## - LIBRARY OF CONGRESS CONTROL NUMBER
LC control number 2007041532
020 ## - INTERNATIONAL STANDARD BOOK NUMBER
International Standard Book Number 9780205598748 (Complete ed.)
020 ## - INTERNATIONAL STANDARD BOOK NUMBER
International Standard Book Number 0205598749 (Complete ed.)
020 ## - INTERNATIONAL STANDARD BOOK NUMBER
International Standard Book Number 9780205598731 (Brief ed.)
020 ## - INTERNATIONAL STANDARD BOOK NUMBER
International Standard Book Number 0205598730 (Brief ed.)
020 ## - INTERNATIONAL STANDARD BOOK NUMBER
International Standard Book Number 0321291506 (Complete ed.)
020 ## - INTERNATIONAL STANDARD BOOK NUMBER
International Standard Book Number 9780321291509 (Complete ed.)
020 ## - INTERNATIONAL STANDARD BOOK NUMBER
International Standard Book Number 0321291514 (Brief ed.)
020 ## - INTERNATIONAL STANDARD BOOK NUMBER
International Standard Book Number 9780321291516 (Brief ed.)
020 ## - INTERNATIONAL STANDARD BOOK NUMBER
International Standard Book Number 0321291522 (Concise ed.)
020 ## - INTERNATIONAL STANDARD BOOK NUMBER
International Standard Book Number 9780321291523 (Concise ed.)
035 ## - SYSTEM CONTROL NUMBER
System control number (OCoLC)ocn174134114
035 ## - SYSTEM CONTROL NUMBER
System control number (OCoLC)174134114
040 ## - CATALOGING SOURCE
Original cataloging agency DLC
Transcribing agency DLC
Modifying agency YDX
-- BTCTA
-- BAKER
-- YDXCP
-- DLC
050 00 - LIBRARY OF CONGRESS CALL NUMBER
Classification number PE1408
Item number .R18 2009
082 00 - DEWEY DECIMAL CLASSIFICATION NUMBER
Classification number 808/.042
Edition information 22
100 1# - MAIN ENTRY--PERSONAL NAME
Personal name Ramage, John D.
245 14 - TITLE STATEMENT
Title The Allyn & Bacon guide to writing /
246 3# - VARYING FORM OF TITLE
Title proper/short title Allyn and Bacon guide to writing
250 ## - EDITION STATEMENT
Edition statement 5th ed.
260 ## - PUBLICATION, DISTRIBUTION, ETC.
Place of publication, distribution, etc. New York :
Name of publisher, distributor, etc. Pearson Longman,
Date of publication, distribution, etc. c2009.
300 ## - PHYSICAL DESCRIPTION
Extent xvviii, 799 p. :
Other physical details col. ill. ;
Dimensions 24 cm.
500 ## - GENERAL NOTE
General note Includes index.
650 #0 - SUBJECT ADDED ENTRY--TOPICAL TERM
Topical term or geographic name entry element English language
General subdivision Rhetoric
Form subdivision Handbooks, manuals, etc.
650 #0 - SUBJECT ADDED ENTRY--TOPICAL TERM
Topical term or geographic name entry element English language
General subdivision Grammar
Form subdivision Handbooks, manuals, etc.
650 #0 - SUBJECT ADDED ENTRY--TOPICAL TERM
Topical term or geographic name entry element Report writing
Form subdivision Handbooks, manuals, etc.
650 #0 - SUBJECT ADDED ENTRY--TOPICAL TERM
Topical term or geographic name entry element College readers.
700 1# - ADDED ENTRY--PERSONAL NAME
Personal name Bean, John C.
700 1# - ADDED ENTRY--PERSONAL NAME
Personal name Johnson, June,
Dates associated with a name 1953-
856 41 - ELECTRONIC LOCATION AND ACCESS
Materials specified Table of contents only
Uniform Resource Identifier <a href="http://www.loc.gov/catdir/toc/ecip082/2007041532.html">http://www.loc.gov/catdir/toc/ecip082/2007041532.html</a>
906 ## - LOCAL DATA ELEMENT F, LDF (RLIN)
a 7
b cbc
c orignew
d 1
e ecip
f 20
g y-gencatlg
942 ## - ADDED ENTRY ELEMENTS (KOHA)
Source of classification or shelving scheme Library of Congress Classification
Koha item type Books
Holdings
Withdrawn status Lost status Source of classification or shelving scheme Damaged status Not for loan Home library Current library Date acquired Total checkouts Full call number Barcode Date last seen Price effective from Koha item type
    Library of Congress Classification     Murang'a University of Technology Library Murang'a University of Technology Library 27/04/2017   PE1408 .R18 2009 008547 30/08/2024 27/04/2017 Books